000 00377nam a2200145Ia 4500
008 231019s9999 xx 000 0 und d
020 _a978-81-317-2914-4
082 _a657
_bWOO-F
100 _aFrank Wood & Alan Sangster
245 0 _aFrank Wood's Business Accounting 1
260 _aIndia
_bDorling Kindersley
_c2010
300 _a762
650 _aAccounting
999 _c34525
_d34525